LEADER 01397nam 2200313 n 450 001 996396190403316 005 20221108095431.0 035 $a(CKB)4330000000353710 035 $a(EEBO)2240849598 035 $a(UnM)99849763 035 $a(EXLCZ)994330000000353710 100 $a19920211d1634 uy | 101 0 $aeng 135 $aurbn||||a|bb| 200 12$aA reformed Catholike: or, A declaration shewing how neere wee may come to the present Church of Rome in sundry points of religion: and wherein we must for euer depart from them$b[electronic resource] $ewith an aduertisement to all fauourers of the Romane religion, shewing how the said religion is against the Catholike principles and grounds of the catechisme 210 $aLondon $cPrinted by Iohn Legatt$d1634 215 $a[8], 104, 107-330 p 300 $aDedication signed: William Perkins. 300 $aReproduction of the original in the Henry E. Huntington Library and Art Gallery. 330 $aeebo-0113 700 $aPerkins$b William$f1558-1602.$0941563 801 0$bCu-RivES 801 1$bCu-RivES 801 2$bCStRLIN 801 2$bWaOLN 906 $aBOOK 912 $a996396190403316 996 $aA reformed Catholike: or, A declaration shewing how neere wee may come to the present Church of Rome in sundry points of religion: and wherein we must for euer depart from them$92414162 997 $aUNISA LEADER 02042nlm0 2200349 450 001 000037825 005 20250415152937.0 010 $a978-88-351-4398-7$beBook-PDF 100 $a20231030d2022----km-y0itay50------ba 101 0 $aita 102 $aIT 105 $a--------001cy 106 $as 135 $adoug----uuuuu 200 1 $aPornodipendenza$brisorsa elettronica$ela sofferenza dietro l'apparenza$eun approccio alla valutazione e al trattamento della dipendenza da pornografia$fCesare Guerreschi 210 $aMilano$cAngeli$d2022 215 $a1 testo elettronico (125 p.) 225 2 $aClinica delle dipendenze e dei comportamenti di abuso. Quaderni$v5 230 $aTesto elettronico 327 1 $aIndice del libro free access:$uhttp://digital.casalini.it/9788835143987 330 $aLa dipendenza da pornografia è più diffusa di quanto si pensi e necessita di una maggiore attenzione da parte degli specialisti perché possa essere sempre meglio riconosciuta e trattata in maniera adeguata. In quest'ottica, il volume intende esplorare e definire i molteplici e differenti aspetti legati a questo tema, dando spazio alla descrizione dei percorsi terapeutici che permettono a tante persone pornodipendenti di riappropriarsi della loro vita, recuperando il proprio equilibrio, le proprie relazioni e la propria affettività. [Testo dell'editore] 410 0$12001$aClinica delle dipendenze e dei comportamenti di abuso. Quaderni$v5 500 10$aPornodipendenza$94350977 610 1 $aPornografia$aDipendenze$aPsicopatologia 676 $a616.85833$v23$9MALATTIE NERVOSE E DISTURBI PSICHICI VARI. DIPENDENZA SESSUALE 700 1$aGuerreschi,$bCesare$4070$0543134 801 0$aIT$bUNIPARTHENOPE$c20250415$gREICAT$2UNIMARC 856 4 $aData ultima consultazione: 15-04-2025$uhttp://digital.casalini.it/9788835143987$zAccesso limitato alla rete di Ateneo Università di Napoli "Parthenope" 912 $a000037825 951 $aEBOOK$b49891$cNAVA1$d2025 996 $aPornodipendenza$94350977 997 $aUNIPARTHENOPE